000 00513nam a2200181Ia 4500
999 _c7979
_d7979
003 OSt
005 20200123150640.0
008 190216s9999||||xx |||||||||||||| ||und||
020 _a9789350621745
040 _coclc
082 _a658.827
_bVER/B
100 _aVerma, Harsh V
_91285
245 0 _aBrand Management Text And Cases /
_cHarsh V Verma
250 _a3rd ed.
260 _bExcell Books,
_c2013.
_aNew Delhi:
300 _a573p
942 _cBK
_2ddc
_h658.827
_iVER/B
_k658.827
_mVER/B